[Event "USA-ch GpA"]
[Site "San Diego"]
[Date "2006.03.05"]
[Round "3"]
[White "Kraai, Jesse"]
[Black "Goldin, Alexander"]
[Result "1/2-1/2"]
[WhiteElo "2443"]
[BlackElo "2598"]
[Annotator "Dautov,R"]
[PlyCount "117"]
[EventDate "2006.03.02"]
[EventType "swiss"]
[EventRounds "9"]
[EventCountry "USA"]
[SourceTitle "CBM 112"]
[Source "ChessBase"]
[SourceDate "2006.06.07"]
[SourceVersion "1"]
[SourceVersionDate "2006.06.07"]
[SourceQuality "1"]

1. Nf3 d5 2. d4 Nf6 3. c4 e6 4. Nc3 Be7 5. Bg5 h6 6. Bh4 O-O 7. e3 b6 8. Qb3
Bb7 9. Bxf6 Bxf6 10. cxd5 exd5 11. Rd1 Re8 12. Bd3 c5 13. dxc5 Nd7 14. cxb6 $2
{Offensichtlich war der Weißspieler mit der Variante nicht vertraut, sonst
hätte er den äußerst zweifelhaften Textzug kaum gespielt. Die
Theoriefortsetzung 14.c6 führt zu einer typischen Isolanistellung.} (14. c6
Bxc6 15. O-O Nc5 16. Qa3 (16. Qc2 Rc8 17. Bh7+ Kh8 18. Bf5 Ne6 $11) 16... a5 (
16... Nxd3 17. Rxd3 $14) 17. Ne2 Qd6 (17... Nxd3 18. Qxd3 Bxb2 $2 19. Qc2 Qf6
20. Rb1 $16) 18. Ned4 Bb7 19. Rc1 $1 $146 g6 20. Rfd1 Rac8 21. Bb5 (21. Nb3 Qe7
$11) 21... Red8 22. g3 $6 (22. Rc2 $1) 22... Kg7 23. Rc2 (23. Qc3 Ne4 24. Qd3
Rc5 $11) 23... Ne4 $1 24. Qxd6 Nxd6 $11 {Dautov,R (2625)-Georgiev,K (2660)/
Elista 1998}) 14... Nc5 $1 {Schwarz entwickelt eine starke Initiative.} (14...
d4 $2 15. Bb5 Nc5 16. Qc4 $16 {Zhang Weida (2355)-Yang Wuming/China 1987}) 15.
Qc2 (15. Qb4 Nxd3+ 16. Rxd3 Ba6 17. Rd2 Bxc3 18. bxc3 Rb8 $40) 15... Qxb6 $2 {
Mehr versprach Schwarz das konsequente Spielt gegen den gegnerischen König.} (
15... Nxd3+ $1 16. Rxd3 (16. Qxd3 Qxb6 17. O-O (17. Nd4 Ba6 $40) 17... Ba6 18.
Nxd5 Bxd3 19. Nxb6 Bxf1 20. Nxa8 Be2 $19) 16... Ba6 $1 17. Rd2 Bxc3 18. Qxc3
Qxb6 $40) 16. Be2 $1 {Mit diesem genauen Verteidigungszug hält Weiß die
Balance.} (16. O-O $2 Nxd3 17. Rxd3 Ba6 18. Rxd5 Bxf1 19. Kxf1 Rab8 $17) 16...
d4 17. Nxd4 {Auch nach 17.exd4 hatte Schwarz nicht mehr als Ausgleich.} (17.
exd4 Ne6 (17... Bxf3 18. dxc5 Bxc3+ 19. bxc3 Qg6 20. Qxg6 Rxe2+ 21. Kf1 fxg6
22. gxf3 Rxa2 $11) 18. O-O Nxd4 (18... Nf4 19. Rfe1 Nxe2+ 20. Nxe2 Bxf3 21.
gxf3 $14) 19. Nxd4 Bxd4 $44) 17... Bxg2 18. Rg1 Bb7 19. Nf5 Ne4 $1 (19... Rad8
$6 20. Rxd8 Rxd8 21. Nxh6+ Kf8 22. Ng4 $16) 20. Qb3 $1 {Erneut ein guter
Verteidigungszug. Nach dem erzwungenen Damentausch hat Weiß nicht viel zu
befürchten, sonst könnte sein König schnell ins Kreuzfeuer geraten.} (20. Nxh6+
Kf8 21. Ng4 Bxc3+ 22. bxc3 Qa5 $40) 20... Qxb3 21. axb3 Nxc3 22. bxc3 Bxc3+ 23.
Kf1 Bc8 24. Bg4 Rb8 (24... Kf8 25. Nd6 Bxg4 26. Rxg4 Reb8 27. Rc4 Rxb3 28. Rc8+
Rxc8 29. Nxc8 Bf6 30. Nxa7 $11) 25. Ne7+ $2 {Dieser Zug ist ungenau, Weiß
verliert auf diese Weise einen Bauern. 26.Nxh6+ erhielt das Gleichgewicht
aufrecht.} (25. Nxh6+ Kf8 26. Bxc8 Rexc8 27. Nf5 Rxb3 (27... g6 28. Nd4 $11)
28. Rd7 a5 29. Nd6 Rb1+ 30. Kg2 Rxg1+ 31. Kxg1 Ra8 32. Rxf7+ Kg8 33. Rb7 a4 34.
Nb5 Bf6 35. Na3 $11) 25... Rxe7 26. Rd8+ Kh7 27. Rxc8 Rxb3 28. Bd1 Ra3 $17 29.
h4 g6 30. h5 g5 31. Bc2+ Kg7 32. Rg4 {Der materielle Vorteil von Schwarz ist
sehr schwer zu verwerten, denn der Nachziehende muß sich dauernd um die
Schwäche f7 kümmern.} Ba5 33. Re4 Ra1+ 34. Kg2 Rxe4 35. Bxe4 Rd1 36. f4 gxf4
37. exf4 Bb6 38. Rc6 Re1 39. Bd5 Re7 40. Kf3 Bd4 41. Rd6 Bb2 42. Be4 Rc7 43.
Rc6 Rd7 44. Bf5 Rb7 45. Bc8 Re7 46. Ba6 Bd4 47. Rd6 Bc5 48. Rc6 Bb6 49. Rd6
Re3+ 50. Kg4 Rc3 51. Rd7 Rc6 52. Bb7 Rf6 53. Bd5 a5 54. Bb3 Be3 55. f5 Bc5 56.
Kf4 Bb4 57. Ra7 Bd2+ 58. Ke4 Be1 59. Bd5 1/2-1/2

[Event "Bundesliga 0506"]
[Site "Germany"]
[Date "2006.02.18"]
[Round "10.3"]
[White "Chuchelov, Vladimir"]
[Black "Vaganian, Rafael A"]
[Result "0-1"]
[WhiteElo "2534"]
[BlackElo "2614"]
[Annotator "Dautov,R"]
[PlyCount "79"]
[EventDate "2005.10.21"]
[EventType "team-tourn"]
[EventRounds "15"]
[EventCountry "GER"]
[SourceTitle "CBM 112"]
[Source "ChessBase"]
[SourceDate "2006.06.07"]
[SourceVersion "1"]
[SourceVersionDate "2006.06.07"]
[SourceQuality "1"]
[WhiteTeam "Katernberg"]
[BlackTeam "Porz"]
[WhiteTeamCountry "GER"]
[BlackTeamCountry "GER"]

1. Nf3 d5 2. d4 Nf6 3. c4 e6 4. Nc3 Be7 5. Bg5 h6 6. Bh4 O-O 7. e3 b6 8. Be2
Nbd7 {Neben 8...dxc4 ist dies eine andere Möglichkeit, die Hauptvariante 8...
Bb7 9.Bxf6 Bxf6 10.cxd5 exd5 11.b4 zu vermeiden.} (8... Bb7 9. Bxf6 Bxf6 10.
cxd5 exd5 11. b4) 9. cxd5 exd5 ({Gut spielbar ist für Schwarz auch} 9... Nxd5
10. Bxe7 Qxe7 11. Nxd5 exd5 12. O-O Bb7 13. Rc1 c5) 10. O-O Bb7 11. Bg3 {
Chuchelov weicht gleich von der Hauptvariante 11.Rc1 ab.} (11. Rc1 c5 12. Qa4 (
12. dxc5 bxc5 13. Qb3 Bc6 14. Bg3 a5 15. Rfd1 a4 16. Qc2 Qb6 17. Ne5 Nxe5 18.
Bxe5 Rfd8 19. Bf3 Qb7 $11 {Aleshin,O (2412)-Rychagov,A (2509)/Moscow 2006})
12... a6 13. dxc5 bxc5 14. Rfd1 Qb6 15. Qb3 Qa7 16. Bg3 Rad8 17. Rd2 Rfe8 18.
Qd1 Bf8 19. Bh4 Qa8 $11 {Topalov,V (2740)-Kasparov,G (2825)/Sofia 1998}) 11...
Ne4 $6 {Dies verspricht keinen Ausgleich, besser gefällt mir 11...c5.} (11...
c5 $5) (11... Nh5 $5 12. Be5 c5 13. dxc5 bxc5 14. Qb3 Bc6 15. Rfd1 Nhf6 16.
Bxf6 Bxf6 17. Nxd5 Rb8 18. Nxf6+ Qxf6 19. Qc3 Rxb2 $11 {Chuchelov,V (2534)
-Graf,A (2604)/Kusadasi 2006}) 12. Nxe4 dxe4 13. Nd2 (13. Ne5 Nxe5 14. Bxe5 Bd6
15. Bxd6 cxd6 16. Qa4 $14) 13... Bd6 14. Bxd6 cxd6 15. Qb3 $14 {Weiß hat einen
leichten Vorteil, seine Leichtfiguren sind besser als die entsprechenden
schwarzen.} Nf6 16. Rfc1 d5 17. a4 $1 {Kreiert neben d5 eine weitere Schwäche
auf b6.} Rc8 18. a5 Rxc1+ 19. Rxc1 Qd6 20. axb6 (20. Nb1 Rc8 21. Nc3 $14) 20...
axb6 21. Nb1 Rb8 22. Nc3 Bc6 23. Ra1 Qc7 24. Ra6 g6 25. h3 Kg7 26. Qa3 h5 27.
h4 $2 {Soweit hat Vladimir hervorragend gespielt, aber der Textzug erlaubt
Schwarz ein energisches Gegenspiel. Dagegen verfestigte das konsequente und
logische 27.Ra7! den weißen Vorteil.} (27. Ra7 $1 Rb7 28. Rxb7 Bxb7 (28... Qxb7
29. Qd6 $16) 29. Qa7 Ne8 30. Bb5 Nd6 31. Ba6 $16 {, und die Schwächen b6 und
d5 sind sehr empfindlich.}) 27... Ng4 $1 {Rafik läßt sich nicht zweimal bitten.
} 28. g3 $5 {Sehr riskanter Gewinnversuch, aber auch nach 28.Bxg4 war der
Löwenteil des weißen Vorteils bereits weg.} (28. Bxg4 hxg4 29. g3 Qd7 $11)
28... Nxe3 $1 29. Ra7 Bb7 $2 {Auch Vaganian spielt auf Gewinn (vermutlich
hatte er hier deutlich mehr Bedenkzeit). Mit 29...Rb7 könnte er das
Unentschieden mehr oder weniger erzwingen.} (29... Rb7 $1 30. Ra8 (30. Rxb7
Bxb7 31. fxe3 Qxg3+ 32. Kf1 Bc8 33. Bb5 Bg4 $15) 30... Rb8 $11) 30. fxe3 Qxg3+
31. Kf1 Bc8 32. Bb5 Qxe3 33. Ne2 $1 {Ein starker Verteidigungszug, selbst wenn
Weiß dazu keine Alternative hatte. Angesichts der Drohung Qe7 wird Schwarz zum
Damenabtausch gezwungen.} Qxa3 34. Rxa3 Bg4 35. Nc3 $16 {Trotz des materiellen
Gleichgewichts steht Weiß im Endspiel deutlich besser. Die nächsten Züge
scheinen in Zeitnot verlaufen zu sein.} Rd8 36. Bc6 Rd6 37. Bxd5 e3 38. Bc4 $2
(38. Ra7 $1 Rf6+ 39. Ke1 Rf4 40. Rb7 $16) 38... Rf6+ $2 (38... Rxd4 $1 $15) 39.
Ke1 Rf2 40. Be2 $16 {Hier scheint Weiß nach Zeit verloren zu haben.} (40. Nd5
$1 $18) 0-1

[Event "Olympiad-36"]
[Site "Mallorca"]
[Date "2004.10.29"]
[Round "14"]
[White "Gelashvili, Tamaz"]
[Black "Lputian, Smbat G"]
[Result "0-1"]
[WhiteElo "2576"]
[BlackElo "2634"]
[Annotator "Dautov,R"]
[PlyCount "64"]
[EventDate "2004.10.15"]
[EventType "team-swiss"]
[EventRounds "14"]
[EventCountry "ESP"]
[SourceTitle "CBM 104"]
[Source "ChessBase"]
[SourceDate "2005.01.27"]
[SourceVersion "1"]
[SourceVersionDate "2005.01.27"]
[SourceQuality "1"]
[WhiteTeam "Georgia"]
[BlackTeam "Armenia"]
[WhiteTeamCountry "GEO"]
[BlackTeamCountry "ARM"]

1. d4 d5 2. c4 e6 3. Nc3 Be7 4. Nf3 Nf6 5. Bg5 h6 6. Bh4 O-O 7. e3 b6 8. Bd3
Bb7 9. O-O Nbd7 10. Bg3 c5 11. cxd5 Nxd5 (11... exd5 $6 12. Ne5 $14) 12. Nxd5
Bxd5 13. Rc1 (13. e4 Bb7 $10) 13... cxd4 14. Bc7 (14. Nxd4 Nc5 $11) 14... Qe8
15. e4 Bb7 16. Nxd4 {Soweit ein bekanntes Abspiel der populären Variante mit
10.Bg3. Weiß versucht, die eingeengte Lage der gegnerischen Figuren
auszunutzen, Schwarz kontert mit N(B)c5. Die Stellung ist voll mit taktischen
Möglichkeiten.} Rc8 {Folgt der Stammpartie Atalik-Beliavsky. Weniger
überzeugend wirkt 16...Nc5, aber 16...a6 ist gut spielbar.} (16... Nc5 $6 17.
Bb5 Qc8 18. Be5 Qd8 (18... a6 19. Qg4 $1 Bg5 20. f4 $1 $18 {Khalifman,A-Asrian,
K/Las Vegas 1999}) 19. b4 Nxe4 20. Nc6 Bxc6 21. Bxc6 Nd2 22. Re1 Rc8 {
Morchiashvili,B-Baramidze,D/Izmir 2004} 23. b5 $1 Bb4 24. Qg4 Qg5 25. Qxb4 Nf3+
26. Bxf3 Rxc1 27. g3 $16) (16... a6 $5 17. Bb1 Rc8 18. e5 (18. Nf3 Nc5 19. Bxb6
Nxe4 $11) 18... Bc5 19. Bd6 Bxd6 20. exd6 Rxc1 21. Qxc1 Nf6 22. Qc7 Qa8 $11)
17. Bb5 $2 {Möglicherweise hat Gelashvili Ataliks Analysen aus dem Jahre 1998
vergessen, die die Fehlerhaftigkeit des Textzuges belegten.} (17. Nb5 $6 Nc5
18. Nd6 Qd7 $17) ({Ataliks Empfehlung war} 17. Qe2 Bc5 18. Nb5 Qe7 19. b4 $1
Bxb4 20. Nxa7 Ra8 21. Nc6 Bxc6 22. Rxc6 $13 {Weiß plant 23.e5 zu spielen und
steht zumindest nicht schlechter.}) 17... Bc5 $146 ({Hier sind Ataliks
Analysen in verkürzter Form.} 17... a6 18. Ba4 Bc5 (18... b5 $6 19. Nxb5 $1 Nc5
$8 20. Nd6 Qxa4 21. Rxc5 Qxd1 22. Rxd1 Bxe4 23. Rc3 Bxd6 24. Rxd6 Ra8 $11 {
Atalik,S-Beliavsky,A/Jugoslavija 1998}) 19. Bg3 Bxe4 20. Re1 (20. Nxe6 Bxf2+
21. Bxf2 Rxc1 22. Qxc1 Qxe6 $17) 20... Bd5 21. Nf5 b5 22. Bb3 (22. Bd6 Bxd6 23.
Nxd6 Rxc1 24. Qxc1 Qb8 $19) 22... Bxb3 23. Qxb3 (23. axb3 Qd8 24. Nd6 Bxd6 25.
Qxd6 Rxc1 26. Rxc1 Nb6 $17) 23... Qd8 24. Nd6 Bxd6 25. Bxd6 Re8 $17) 18. Bg3 a6
19. Ba4 Bxe4 20. Re1 Bd5 $17 21. Nf5 Qd8 $5 {Überzeugender wirkt Ataliks
Vorschlag 21...b5!} (21... b5 $1 $17) 22. Bh4 $6 ({Die besten Rettungschancen
versprach die folgende Computervariante, die für einen Menschen nur schwer
durchzurechnen ist:} 22. b4 $1 Bxb4 23. Nxh6+ Kh8 24. Qh5 Nf6 25. Rxc8 Qxc8 26.
Nxf7+ Kg8 27. Nh6+ Kh7 28. Qh4 Qc3 29. Bc2+ Qxc2 30. Ng4+ Kg8 31. Nxf6+ Rxf6
32. Qxb4 Qc6 $15) (22. Nd6 Ra8 23. Bb3 Qg5 $17) 22... Nf6 23. Ne3 b5 ({
Einfacher war} 23... Bxa2 $1 24. Qf3 Qd4 25. Bxf6 Qxf6 $19) 24. Bc2 Bb4 $2 {
Dieser ernsthafte Fehler stellt den Gewinn in Frage.} (24... Bxe3 $1 25. Rxe3
Bxa2 $19) 25. Ng4 $2 {Dieser taktische Überfall sieht sehr verlockend aus,
aber Schwarz hat ausreichend Verteidigungsresourcen.} ({Besser war die
Abwicklung} 25. Bxf6 $1 Qxf6 26. Nxd5 exd5 27. Re2 Qf4 28. g3 Qf3 29. Re1 $15 {
, und es entstand eine typische Blockadestellung, in der Schwarz seinen
Materialvorteil kaum umsetzen kann.}) 25... Bxe1 26. Nxf6+ gxf6 27. Qg4+ Kh8
28. Qf4 Bd2 $1 29. Qxd2 $2 {Das verliert kampflos.} ({Weiß hätte sich auf die
folgende forcierte Variante einlassen sollen.} 29. Bxf6+ Qxf6 30. Qxf6+ Kg8 31.
Bh7+ Kxh7 32. Rxc8 Rxc8 33. Qxf7+ Kh8 34. Qf6+ Kg8 35. f4 $1 $17 {, mit
einigen Rettungschancen.}) 29... Kg7 $19 30. Bd3 (30. Qd3 Rh8 $19) 30... Rh8
31. Rd1 Qc7 32. Bb1 Qe5 0-1

[Event "St Petersburg"]
[Site "St Petersburg"]
[Date "1992.??.??"]
[Round "?"]
[White "Magerramov, Elmar S"]
[Black "Butnorius, Algimantas"]
[Result "1-0"]
[WhiteElo "2565"]
[BlackElo "2425"]
[Annotator "Dautov,R"]
[PlyCount "57"]
[EventDate "1992.??.??"]
[EventType "tourn"]
[EventRounds "11"]
[EventCountry "RUS"]
[EventCategory "10"]
[SourceTitle "CBM 030"]
[Source "ChessBase"]
[SourceDate "1992.10.01"]
[SourceVersion "1"]
[SourceVersionDate "1992.10.01"]
[SourceQuality "1"]

1. d4 {Ftacnik} Nf6 2. c4 e6 3. Nf3 d5 4. Nc3 Be7 5. Bg5 O-O 6. e3 h6 7. Bh4 b6
8. Be2 Bb7 9. Bxf6 Bxf6 10. cxd5 exd5 11. b4 c5 12. bxc5 bxc5 13. Rb1 Bc6 14.
O-O Nd7 15. Bb5 Qc7 16. Qc2 Rac8 $5 {N} (16... Rfd8 17. Rfc1 Rab8 18. a4 Qd6
19. dxc5 Nxc5 20. Bxc6 Qxc6 21. Nb5 Be7 22. Nxa7 Qa6 23. Nb5 Qxa4 24. Qxa4 Nxa4
25. Nfd4 $14 {Kasparov,G-Karpov,An Moskva(39) 1984/85}) (16... Rfc8 17. Rfc1
Bxb5 (17... Rab8 {Ftacnik} 18. dxc5 Bxb5 19. Nxb5 Qa5 20. Qf5 Rxb5 21. Qxd7
Rcxc5 22. g3 Qa4 23. Rf1 Rb4 $10 {Seirawan,Y-Portisch,L/Thessaloniki ol/1988/})
18. Nxb5 Qc6 19. dxc5 Nxc5 20. Qf5 Qe6 21. Nfd4 Qxf5 22. Nxf5 Ne6 23. Rxc8+
Rxc8 24. Nxa7 Rc2 $10 {Kasparov,G-Karpov,An Moskva(42) 1984/85}) 17. Rfc1 Ba8
$2 (17... Bxb5 $2 18. Nxb5 Qa5 19. Qf5 $16) (17... Rfd8 $142 18. Qf5 g6 $13)
18. Qf5 Nb6 $2 (18... Rfd8 19. Nxd5 Bxd5 20. Qxd5 Ne5 21. Qe4 Nxf3+ 22. Qxf3
Qd6 23. Qf5 $16) 19. Bd3 $18 Rfd8 20. Nb5 Qd7 (20... Qb8 21. dxc5 Nc4 22. Nd6
$18) (20... Qb7 {Ftacnik} 21. dxc5 $18) 21. Qh7+ Kf8 22. Bf5 Qb7 23. Bxc8 Nxc8
24. Rxc5 Ne7 25. Nc7 Qc8 26. Nxa8 Qxa8 27. Qc2 Nc8 28. Rc7 Nb6 29. Qh7 1-0

[Event "EU-ch 6th"]
[Site "Warsaw"]
[Date "2005.06.27"]
[Round "9"]
[White "Krasenkow, Michal"]
[Black "Asrian, Karen"]
[Result "1/2-1/2"]
[WhiteElo "2672"]
[BlackElo "2611"]
[Annotator "Dautov,R"]
[PlyCount "131"]
[EventDate "2005.06.18"]
[EventType "swiss"]
[EventRounds "13"]
[EventCountry "POL"]
[SourceTitle "CBM 108"]
[Source "ChessBase"]
[SourceDate "2005.09.26"]
[SourceVersion "1"]
[SourceVersionDate "2005.09.26"]
[SourceQuality "1"]

1. Nf3 d5 2. d4 Nf6 3. c4 e6 4. Nc3 Be7 5. Bg5 h6 6. Bh4 O-O 7. e3 b6 8. Rb1 {
Krasenkows Lieblingsvariante, die für Schwarz bei genauem Spiel ungefährlich
ist.} Bb7 (8... c6 9. b4 $1 Bb7 (9... Ba6 $2 10. b5 cxb5 11. Bxf6 Bxf6 12. cxd5
exd5 13. Bxb5 $14 {Krasenkow,M (2632)-Werle,J (2481)/Wijk aan Zee 2002}) 10. c5
Nbd7 11. Bd3 e5 12. dxe5 Ne8 13. Bg3 bxc5 14. bxc5 Nxc5 15. O-O Nc7 16. Nd4 $16
{Krasenkow,M (2676)-Ahlander,B (2411)/Izmir 2004}) (8... c5 $2 9. dxc5 bxc5 10.
cxd5 Nxd5 (10... exd5 $2 11. Bxf6 Bxf6 12. Nxd5 $16) 11. Bxe7 Nxe7 12. Be2 $14)
9. Bxf6 {Die beste Fortsetzung.} (9. b4 a5 10. a3 axb4 11. axb4 Ne4 12. Bxe7
Qxe7 13. Qb3 Nxc3 14. Qxc3 c5 15. bxc5 bxc5 16. dxc5 dxc4 17. Bxc4 Na6 $11 {
Krasenkow,M-Yegiazarian,A/Ohrid 2001}) 9... Bxf6 10. cxd5 (10. b4 dxc4 11. Bxc4
Qc8 12. Qb3 Nd7 13. O-O c5 $11 {Krasenkow,M (2573)-Lugovoi,A (2485)/Panormo
2001}) 10... exd5 11. b4 c6 12. Bd3 a5 (12... Nd7 13. O-O a5 14. bxa5 Rxa5 15.
a4 $14) 13. bxa5 Rxa5 14. a4 c5 $1 $146 {Der einfachste Weg zum Ausgleich, der
schwarze Springer nimmt eine aktive Position auf c6 ein.} (14... Ba6 15. O-O
Nd7 16. Bxa6 Rxa6 17. Qd3 Ra5 18. Rfc1 Re8 19. h3 Qe7 20. Ne1 Qe6 21. Qd1 c5
22. Nf3 Qc6 23. Qb3 $14 {Cvitan,O (2550)-Upton,T (2285)/Pula 1997}) 15. O-O
cxd4 16. exd4 (16. Nxd4 Nc6 $11) 16... Nc6 $11 17. Bc2 (17. Bb5 Na7 $11) 17...
Re8 18. Qd2 Bc8 19. h3 Ra7 $2 {Dies verliert einen Bauern, was vollkommen
unnötig ist.} ({Besser gefällt mir} 19... Be6 20. Rb2 Ra8 21. Rfb1 Rb8 $11) 20.
Rb5 Be6 21. Rfb1 Na5 22. Qd3 g6 23. Rxb6 Nc4 $44 24. R6b3 Rc7 {Schwarz hat
natürlich etwas Kompensation für den Bauern, da sein Springer sehr stark ist,
jedoch bleibt ein Mehrbauer ein Mehrbauer.} 25. Nb5 Rc8 26. Qd1 Kg7 27. Rc3 Qa5
28. Bd3 Bd7 $2 {Der Läufer war optimal platziert auf e6.} (28... Re7 29. Rcc1
Rb7 $44) 29. Rcc1 {Weiß konnte den gegnerischen Fehler sofort ausnutzen.} (29.
Bxc4 $1 dxc4 30. Qc1 Bf5 31. Rb2 Red8 32. Rxc4 $16) 29... Re6 30. Bxc4 Rxc4 31.
Rxc4 dxc4 32. Ne5 Bxb5 33. axb5 c3 (33... Bxe5 34. dxe5 $16) 34. Qd3 $6 (34.
Nf3 Qa2 35. Qb3 $16) 34... Bg5 $6 (34... Bxe5 35. dxe5 Qc7 36. f4 g5 $1 $14)
35. Nc6 $2 {Der Springer gehörte auf f3.} (35. Nf3 $1 $16) 35... Qa2 36. Nb4
Qd2 $11 {Nun gleicht Schwarz aus.} 37. Qxd2 cxd2 38. Nd3 (38. Kf1 Rb6) 38...
Rb6 39. Rd1 Rxb5 40. f4 Bf6 41. Ne5 Rb2 $6 (41... Bh4 $1 42. Rxd2 Bg3 $11) 42.
Kf1 g5 43. Nf3 gxf4 44. Ke2 Rb3 45. Rxd2 Kg6 46. d5 Kf5 47. d6 {Der weiße
Vorteil ist nur symbolischer Natur, und die Partie steuert eindeutig Richtung
unentschieden.} Rb8 48. Nd4+ Ke4 49. Nc6 Rb6 50. Ne7 Rb8 51. Nd5 Bd4 52. Ne7
Bf6 53. Ra2 Bxe7 54. dxe7 Re8 55. Ra7 Kf5 56. Kf3 Rg8 57. Ra2 Ke6 58. Ra7 (58.
Re2+ Kd7 59. Kxf4 Ke8 $14) 58... Kf5 59. Rd7 Rg3+ 60. Kf2 Re3 61. g4+ Kf6 62.
h4 Kg7 63. Ra7 Kf6 64. Ra6+ Kg7 65. Ra7 Kg6 66. Ra4 1/2-1/2

[Event "Biel"]
[Site "Biel"]
[Date "1986.07.27"]
[Round "7"]
[White "Lobron, Eric"]
[Black "Greenfeld, Alon"]
[Result "0-1"]
[WhiteElo "2515"]
[BlackElo "2510"]
[Annotator "Dolmatov,S"]
[PlyCount "82"]
[EventDate "1986.07.20"]
[EventType "tourn"]
[EventRounds "11"]
[EventCountry "SUI"]
[EventCategory "12"]
[SourceTitle "MCL"]
[Source "ChessBase"]
[SourceDate "1999.07.01"]
[SourceVersion "1"]
[SourceVersionDate "1999.07.01"]
[SourceQuality "1"]

1. Nf3 Nf6 2. d4 d5 3. c4 e6 4. Nc3 Be7 5. Bg5 h6 6. Bh4 O-O 7. e3 b6 8. Bd3
Bb7 9. O-O Nbd7 10. Rc1 c5 11. Qe2 Ne4 12. Bg3 cxd4 13. exd4 (13. Nxd4 Nxg3 14.
hxg3 Ne5 15. cxd5 Nxd3 16. Qxd3 $14) 13... Nxg3 14. hxg3 dxc4 15. Bxc4 Nf6 16.
Rfd1 Bb4 17. Ne5 Qe7 (17... Rc8 18. Nb5 a6 19. Na7 Rc7 20. a3 Bd6 21. Bxa6 Bxa6
$10 {Gheorghiu,F-Geller,E/Moscow/1982/}) 18. a3 Bxc3 19. Rxc3 Rac8 20. Re3 Rc7
(20... Bd5 21. Ba6 Rc7 22. g4 Bb7 $10) (20... Nd5 21. Re4 Rfd8 $13) 21. Nxf7 (
21. g4 Nd5 $15) 21... Rxc4 $5 (21... Rxf7 22. Bxe6 (22. Rxe6 Qf8 $13) 22... Qd6
23. d5 $14) 22. Nxh6+ gxh6 23. Qxc4 Bd5 $15 24. Qc2 Qg7 25. g4 $2 (25. Rc3 $32
{/\Rc8} Qg4 26. Rc7 $15) 25... h5 $1 (25... Nxg4 $2 26. Rg3 h5 27. f3) 26. g5
Ng4 27. Rc3 Qxg5 (27... Rxf2 28. Rc8+ Rf8 29. Rxf8+ $10) (27... Nxf2 $2 28. Rf1
) 28. Rc8 Nf6 29. f3 h4 30. Qc1 (30. Rxf8+ $32 Kxf8 31. Qc8+ Kg7 (31... Ne8 32.
Qc1) 32. Qc7+ Kh6 33. Qe5 $15) 30... Qg3 $17 31. Rxf8+ Kxf8 32. Qc8+ Ke7 33.
Rc1 Ne8 $1 $17 34. Qc2 Bxf3 35. Qf2 Qg5 $1 (35... Qxf2+ 36. Kxf2 Bd5 37. Rh1
$10) (35... Bd5 36. Qxg3 hxg3 37. Rc3 $10) 36. Rc3 Bd5 $19 37. Kh2 (37. Rh3 Nf6
38. Rxh4 Bxg2 $19) 37... Nf6 38. Kh3 Be4 39. g4 hxg3 40. Qxg3 Qh5+ 41. Qh4 Bg2+
0-1

[Event "FIDE-Wch k.o."]
[Site "Groningen"]
[Date "1997.12.11"]
[Round "2.1"]
[White "Gretarsson, Helgi Ass"]
[Black "Jussupow, Artur"]
[Result "1/2-1/2"]
[WhiteElo "2475"]
[BlackElo "2640"]
[Annotator "Donev,I"]
[PlyCount "66"]
[EventDate "1997.12.09"]
[EventType "k.o."]
[EventRounds "7"]
[EventCountry "NED"]
[SourceTitle "CBM 063"]
[Source "ChessBase"]
[SourceDate "1998.03.26"]
[SourceVersion "1"]
[SourceVersionDate "1998.03.26"]
[SourceQuality "1"]

1. d4 Nf6 2. c4 e6 3. Nf3 d5 4. Nc3 Be7 5. Bg5 h6 6. Bh4 O-O 7. e3 b6 8. Be2
Bb7 9. Bxf6 Bxf6 10. cxd5 exd5 11. b4 c6 12. O-O a5 13. b5 c5 14. Rc1 Nd7 15.
dxc5 Nxc5 (15... bxc5 $2 16. Nxd5 $16) 16. Nd4 Rc8 17. Bg4 Rc7 18. Na4 (18.
Nce2 Be5 19. g3 g6 20. Bh3 Qd6 21. Rc2 h5 22. Bg2 h4 23. Qb1 hxg3 24. hxg3 Rfc8
25. Rd1 $11 {1/2-1/2 Lutz,C-Van der Sterren,P/Munich SKA 1994/CBM 42 (44)})
18... Ne4 19. Qd3 Rc4 $1 20. Nb2 (20. Nc6 Bxc6 (20... Qe8 21. Bd7 $3 {
Hinlenkung.} Qxd7 22. Rxc4 $18 {[%cal Yd3d7] Fesselung.}) 21. bxc6 b5 22. f3
$14) 20... Rc5 21. Na4 Bxd4 {Jususupow spielt auf Sieg, sonst hätte er die
Züge wiederholt:} (21... Rc4 22. Nb2 $11) 22. exd4 Rc4 23. Nc3 (23. Nb2 $2 {
Jetzt geht nicht mehr der weitere Zugwiederholung weil nach} Rxc1 24. Rxc1 Qh4
$1 {[%cal Yh4f2,Yh4g4] bekommt Schwarz Materiale Vorteil.} 25. Qe2 (25. Qf3 Nf6
(25... Nxf2 $17) 26. h3 h5 27. Bf5 Qxd4 $17) 25... Nxf2 $1 26. Qxf2 (26. Bd7
Qf4 $17) 26... Qxg4 $17) 23... Qc7 24. Ne2 f5 (24... Re8 $5) (24... Bc8 $5 25.
Bf3 Bf5 $13 {[%cal Yf8c8,Yf8e8]}) 25. Bh3 g5 26. f3 Nd6 27. f4 g4 (27... Re8 $5
) 28. Bxg4 $1 fxg4 29. Qg6+ {[%cal Yg6g8,Yg6h6,Yg6d6]} Kh8 30. Qxh6+ Kg8 31.
Qg6+ Kh8 32. Qh6+ ({In folgende Variante könnte Weiß versuchen, auf Sieg zu
spielen :} 32. Qh5+ Kg7 (32... Qh7 $2 33. Qe5+ $18 {[%cal Ye5d6,Ye5h8]}) 33.
Qxg4+ {Die drei Bauern und die schlechte Lage der schwarze König sind genug
Kompensation für die geopferte Figur.}) 32... Kg8 33. Qg6+ Kh8 1/2-1/2